| 000 | 00441 a2200193 4500 | ||
|---|---|---|---|
| 003 | OSt | ||
| 005 | 20180116182911.0 | ||
| 008 | 160427b xxu||||| |||| 00| 0 eng d | ||
| 020 | _a680868086808 | ||
| 040 | _c0 | ||
| 082 | _a111 | ||
| 100 | _aGupta,Vivek. | ||
| 110 | _aICFAI | ||
| 245 |
_aReorganizing HP _cICMR Case Collection |
||
| 250 | _aHROB 009 | ||
| 260 |
_aIndia _bICFAI _c2003 |
||
| 300 | _a12p | ||
| 942 |
_aNBS _cCS _k111 _2ddc |
||
| 999 |
_c348149 _d348149 |
||